000 00643nam a22001937a 4500
005 20251108164239.0
008 250721s9999 xx 000 0 ara d
082 1 4 _a327.73056/بور
100 1 _aبوريسوف، ر
245 1 0 _aالسياسة الأمريكية و الشرق الأوسط في السبعينات /
264 1 _aدمشق :
_bدار دمشق للطباعة و النشر،
_c[19-].
300 _a223ص
650 1 7 _aالولايات المتحدة
650 1 7 _aالعلاقات الدولية
650 1 7 _aالشرق الأوسط
700 1 _aيوسف، شوكت
_eترجمة
942 _2ddc
_cBK
999 _c7373
_d7373